[Event "Frankfurt Ch 2007"]
[Site "Ffm-Kalbach, LAZ"]
[Date "2007.06.18"]
[Round "7.1"]
[White "Milov, Leonid"]
[Black "Telljohann, Sven"]
[Result "1-0"]
[WhiteElo "2482"]
[BlackElo "2419"]
[PlyCount "85"]
[EventDate "2007.??.??"]

1. e4 e5 2. Nf3 Qe7 3. Nc3 c6 4. d4 d6 5. Bc4 h6 6. O-O Nf6 7. a4 a5 8. b3 Bg4
9. Be3 Nbd7 10. h3 Bxf3 11. Qxf3 exd4 12. Bxd4 Ne5 13. Qe2 Nxc4 14. Qxc4 Qe6
15. Qd3 Be7 16. f4 O-O 17. Rae1 Nh7 18. f5 Qd7 19. Qg3 Bf6 20. Rd1 Rfe8 21.
Bxf6 Nxf6 22. Rxd6 Qe7 23. Re1 Nh5 24. Qd3 Nf4 25. Qd2 Qg5 26. Kh2 Rad8 27.
Rxd8 Rxd8 28. Qf2 Nh5 29. e5 Rd2 30. Re2 Rxe2 31. Nxe2 g6 32. g4 Ng7 33. Ng3
gxf5 34. Nxf5 Nxf5 35. gxf5 Kf8 36. e6 Ke8 37. Qd4 fxe6 38. fxe6 Qd5 39. Qf6
Qd6+ 40. Kg2 Qd2+ 41. Kg3 Qe3+ 42. Kh4 Qe4+ 43. Kh5 1-0

[Event "Frankfurt Ch 2007"]
[Site "Ffm-Kalbach, LAZ"]
[Date "2007.06.18"]
[Round "7.2"]
[White "Reschke, Stefan"]
[Black "Uwira, Oliver"]
[Result "1-0"]
[WhiteElo "2387"]
[BlackElo "2291"]
[PlyCount "59"]
[EventDate "2007.??.??"]

1. Nf3 d5 2. b3 Nf6 3. Bb2 c5 4. e3 a6 5. Be2 Nc6 6. d4 cxd4 7. Nxd4 e6 8. Nd2
Bd6 9. c4 e5 10. Nc2 O-O 11. cxd5 Nxd5 12. O-O Be6 13. Bf3 Rc8 14. Nc4 Bb8 15.
e4 Nf4 16. N4e3 Qg5 17. Nd5 Bh3 18. Nxf4 exf4 19. Kh1 Rfd8 20. Qe2 Bxg2+ 21.
Bxg2 f3 22. Qxf3 Ne5 23. Qe3 Qh4 24. Bxe5 Bxe5 25. f4 Rc3 26. fxe5 Rxe3 27.
Nxe3 Qg5 28. Rad1 Rf8 29. Nf5 g6 30. h4 1-0

[Event "Frankfurt Ch 2007"]
[Site "Ffm-Kalbach, LAZ"]
[Date "2007.06.18"]
[Round "7.3"]
[White "Kayser, Felix"]
[Black "Klundt, Klaus"]
[Result "0-1"]
[WhiteElo "2194"]
[BlackElo "2378"]
[PlyCount "26"]
[EventDate "2007.??.??"]

1. e4 c5 2. Nc3 Nc6 3. f4 g6 4. Nf3 Bg7 5. Bb5 Nd4 6. O-O e6 7. d3 Ne7 8. e5
O-O 9. Nxd4 cxd4 10. Ne4 a6 11. Bc4 d5 12. exd6 Nf5 13. b3 b5 0-1

[Event "Frankfurt Ch 2007"]
[Site "Ffm-Kalbach, LAZ"]
[Date "2007.06.18"]
[Round "7.4"]
[White "Legde, Georg"]
[Black "Schlamp, Robert"]
[Result "0-1"]
[WhiteElo "2353"]
[BlackElo "2302"]
[PlyCount "60"]
[EventDate "2007.??.??"]

1. d4 Nf6 2. Bg5 e6 3. e4 h6 4. Bxf6 Qxf6 5. Nc3 Bb4 6. Nge2 Nc6 7. Qd2 d6 8.
a3 Ba5 9. f4 Bd7 10. g3 g5 11. O-O-O O-O-O 12. b4 Bb6 13. Na4 Kb8 14. Nxb6 axb6
15. Qe3 gxf4 16. gxf4 Rhg8 17. e5 dxe5 18. fxe5 Qh4 19. Ng3 Ne7 20. Bg2 Bc6 21.
Bxc6 bxc6 22. Rd2 Nd5 23. Qf3 Rg4 24. Rhd1 Rf4 25. Qb3 b5 26. a4 Nb6 27. axb5
cxb5 28. c3 Rf3 29. Qc2 Nc4 30. Rd3 Qf4+ 0-1

[Event "Frankfurt Ch 2007"]
[Site "Ffm-Kalbach, LAZ"]
[Date "2007.06.18"]
[Round "7.5"]
[White "Diekmann, HanJo"]
[Black "Gramlich, Sebastian"]
[Result "0-1"]
[WhiteElo "2199"]
[BlackElo "2248"]
[PlyCount "88"]
[EventDate "2007.??.??"]

1. e4 c5 2. Nc3 Nc6 3. Nf3 e6 4. d4 cxd4 5. Nxd4 a6 6. Be2 Qc7 7. O-O b5 8.
Nxc6 dxc6 9. Be3 Nf6 10. a3 Bb7 11. f4 c5 12. e5 Rd8 13. Qe1 Nd5 14. Nxd5 Bxd5
15. Qg3 g6 16. a4 c4 17. axb5 axb5 18. Qf2 Qc6 19. Ra7 Rd7 20. Rfa1 Be7 21.
R7a6 Qc8 22. Rb6 b4 23. Rb5 O-O 24. Bc5 Bxc5 25. Qxc5 b3 26. Rc1 Rc7 27. Qe3 c3
28. bxc3 Rxc3 29. Bd3 Bc4 30. Rc5 Bxd3 31. Rxc3 Qxc3 32. cxd3 Qb4 33. f5 b2 34.
Rb1 exf5 35. e6 Re8 36. exf7+ Kxf7 37. Qf2 Rb8 38. h3 Rb7 39. g4 Qc3 40. gxf5
Qc1+ 41. Qf1 Qxf1+ 42. Kxf1 gxf5 43. Ke2 Kf6 44. Kd2 f4 0-1

[Event "Frankfurt Ch 2007"]
[Site "Ffm-Kalbach, LAZ"]
[Date "2007.06.18"]
[Round "7.6"]
[White "Schell, Walter"]
[Black "Isserman, Ryhor"]
[Result "0-1"]
[WhiteElo "2139"]
[BlackElo "2296"]
[PlyCount "94"]
[EventDate "2007.??.??"]

1. d4 Nf6 2. c4 c5 3. d5 d6 4. Nc3 g6 5. e4 Bg7 6. h3 O-O 7. Nf3 e6 8. Bd3 Na6
9. O-O e5 10. Bg5 h6 11. Be3 Nh5 12. Qd2 g5 13. Rfe1 Qe7 14. a3 Kh8 15. Ra2 Qf6
16. Nh2 Nf4 17. Bf1 Qg6 18. b3 f5 19. g3 fxe4 20. Bxf4 exf4 21. Nxe4 Bf5 22.
Bg2 Rae8 23. Nc3 fxg3 24. fxg3 Be5 25. Nf1 Bd3 26. Kh2 h5 27. Be4 Bxe4 28. Nxe4
h4 29. Qg2 Bc3 30. Ree2 Rxe4 31. Qxe4 Qxe4 32. Rxe4 Rxf1 33. gxh4 Be5+ 34. Kg2
Rf4 35. Rxf4 gxf4 36. Kf3 Nb8 37. Ke4 Nd7 38. Kf5 Nf6 39. b4 b6 40. bxc5 bxc5
41. Rg2 Kh7 42. a4 a5 43. Rg1 Kh6 44. Rb1 Kh5 45. Rb5 f3 46. Rb3 f2 47. Rf3 Bd4
0-1

[Event "Frankfurt Ch 2007"]
[Site "Ffm-Kalbach, LAZ"]
[Date "2007.06.18"]
[Round "7.7"]
[White "Schreiner, Roland"]
[Black "Sadeghi, Behrang"]
[Result "1/2-1/2"]
[WhiteElo "1970"]
[BlackElo "2283"]
[PlyCount "61"]
[EventDate "2007.??.??"]

1. d4 e6 2. c4 Nf6 3. Nc3 Bb4 4. Nf3 b6 5. Bd2 Bb7 6. e3 O-O 7. Be2 d5 8. O-O
c5 9. cxd5 exd5 10. Rc1 a6 11. dxc5 Bxc5 12. Nd4 Nbd7 13. Na4 Bxd4 14. exd4 Ne4
15. Bb4 Re8 16. f3 Nef6 17. Bd3 Nf8 18. Re1 Ne6 19. Bf5 Rc8 20. Bxe6 Rxe6 21.
Rxe6 fxe6 22. Bd2 Bc6 23. Nc3 Bd7 24. Ne2 Rc4 25. b3 Rxc1 26. Qxc1 Qc8 27.
Qxc8+ Bxc8 28. Nf4 a5 29. Nd3 Ba6 30. Ne5 Bb5 31. Kf2 1/2-1/2

[Event "Frankfurt Ch 2007"]
[Site "Ffm-Kalbach, LAZ"]
[Date "2007.06.18"]
[Round "7.8"]
[White "Schwenkreis, Thomas"]
[Black "Minor, Samuel"]
[Result "1/2-1/2"]
[WhiteElo "2054"]
[BlackElo "2137"]
[PlyCount "135"]
[EventDate "2007.??.??"]

1. Nf3 f5 2. d3 d6 3. e4 e5 4. c3 Nf6 5. Nbd2 Be7 6. Qb3 Nfd7 7. d4 exd4 8.
cxd4 c5 9. exf5 Nc6 10. Bb5 cxd4 11. Bxc6 bxc6 12. Nxd4 Nc5 13. Qf3 Ba6 14.
N2b3 Nd3+ 15. Kd1 O-O 16. Nxc6 Qd7 17. Nxe7+ Qxe7 18. Be3 Rac8 19. Bd4 Qc7 20.
Qe2 Rfe8 21. Qd2 Qc4 22. Be3 Qd5 23. Nd4 Qxg2 24. Re1 Nxe1 25. Qxe1 Rc4 26. Ne2
Rec8 27. Nc3 d5 28. Bd2 R4c6 29. Qe3 Qg4+ 30. f3 Qxf5 31. Qxa7 Qxf3+ 32. Kc2
Qe4+ 33. Kb3 Qc4+ 34. Ka3 Qc5+ 35. Qxc5 Rxc5 36. Be3 d4 37. Bxd4 Ra5+ 38. Kb4
Rh5 39. Bg1 Rb8+ 40. Ka3 Ra5+ 41. Na4 Bb5 42. b3 Bxa4 43. bxa4 Rba8 44. Kb3
Rxa4 45. a3 Rh4 46. a4 Rh5 47. Kb4 Rb8+ 48. Kc4 Ra5 49. Bd4 Rb7 50. Bc3 Ra6 51.
a5 Kf7 52. Re1 Rc7+ 53. Kb4 Rxc3 54. Kxc3 Rxa5 55. Re2 Rd5 56. Rd2 Rxd2 57.
Kxd2 Kg6 58. Ke3 Kh5 59. Kf3 Kh4 60. Kg2 h5 61. h3 Kg5 62. Kf3 Kf5 63. Kg3 Ke4
64. Kh4 g6 65. Kg5 Kf3 66. Kxg6 h4 67. Kf5 Kg3 68. Ke4 1/2-1/2

[Event "Frankfurt Ch 2007"]
[Site "Ffm-Kalbach, LAZ"]
[Date "2007.06.18"]
[Round "7.10"]
[White "Schöne, Matthias"]
[Black "Solonar, Stefan"]
[Result "1/2-1/2"]
[WhiteElo "2025"]
[BlackElo "2345"]
[PlyCount "126"]
[EventDate "2007.??.??"]

1. e4 c5 2. c3 Nf6 3. e5 Nd5 4. d4 cxd4 5. Nf3 Nc6 6. Bc4 Nb6 7. Bb3 g6 8. Ng5
d5 9. exd6 e6 10. cxd4 Bg7 11. Ne4 O-O 12. Nbc3 Bxd4 13. Bg5 f6 14. Bh6 f5 15.
Ng5 Qxd6 16. Bxf8 Kxf8 17. Nxh7+ Kg7 18. Ng5 Qe5+ 19. Kf1 Qf4 20. Nf3 Bf6 21.
g3 Qh6 22. Kg2 Bd7 23. h4 Rd8 24. Qe2 e5 25. Rad1 Nd4 26. Rxd4 exd4 27. Nxd4
Re8 28. Qd3 Rd8 29. f3 Bc8 30. Nce2 Kh8 31. h5 gxh5 32. Qb5 Qd2 33. Rxh5+ Kg7
34. Nxf5+ Bxf5 35. Rxf5 a6 36. Qxb6 Qxe2+ 37. Kh3 Qf1+ 38. Kg4 Rd4+ 39. Rf4
Rxf4+ 40. Kxf4 Qc1+ 41. Kg4 Kg6 42. Qf2 Qc8+ 43. Kf4 Bg5+ 44. Ke4 Qf5+ 45. Kd4
Bf6+ 46. Ke3 Qe5+ 47. Kd3 Qxb2 48. Qxb2 Bxb2 49. Ke4 b5 50. f4 a5 51. g4 a4 52.
Bd5 b4 53. g5 Bg7 54. Be6 Bf8 55. Kf3 Kh5 56. Kg3 Kg6 57. Kg4 b3 58. axb3 axb3
59. Bxb3 Be7 60. f5+ Kg7 61. Kh5 Bd8 62. Kg4 Be7 63. Kf4 Bd8 1/2-1/2

[Event "Frankfurt Ch 2007"]
[Site "Ffm-Kalbach, LAZ"]
[Date "2007.06.18"]
[Round "7.12"]
[White "Orwatsch, Gerhard"]
[Black "Krüger, Till"]
[Result "1/2-1/2"]
[WhiteElo "2082"]
[BlackElo "2048"]
[PlyCount "54"]
[EventDate "2007.??.??"]

1. d4 Nf6 2. Nf3 g6 3. Bf4 Bg7 4. e3 d6 5. h3 O-O 6. Bc4 c5 7. c3 a6 8. a4 b6
9. O-O Bb7 10. Nbd2 d5 11. Bb3 Nc6 12. Ne5 Nxe5 13. Bxe5 Rc8 14. Qe2 Nd7 15.
Bxg7 Kxg7 16. f4 f6 17. e4 cxd4 18. cxd4 dxe4 19. Nxe4 Nb8 20. Rfd1 Bd5 21.
Bxd5 Qxd5 22. Nc3 Qd6 23. Qe3 Rfe8 24. Rd2 Nc6 25. Qf2 Na5 26. Re1 Nc4 27. Rd3
Rc7 1/2-1/2

[Event "Frankfurt Ch 2007"]
[Site "Ffm-Kalbach, LAZ"]
[Date "2007.06.18"]
[Round "7.13"]
[White "Rubel, Julian"]
[Black "Penzel, Nils"]
[Result "1-0"]
[WhiteElo "2125"]
[BlackElo "2002"]
[PlyCount "57"]
[EventDate "2007.??.??"]

1. d4 Nf6 2. c4 g6 3. Nc3 Bg7 4. e4 d6 5. f3 O-O 6. Bg5 h6 7. Be3 e5 8. d5 Nh5
9. Qd2 Kh7 10. O-O-O f5 11. exf5 gxf5 12. Bd3 Nf6 13. Nge2 a6 14. Ng3 Ng8 15.
Nxf5 Bxf5 16. Bxf5+ Kh8 17. Bc2 Nd7 18. Ne4 b5 19. c5 Ndf6 20. Ng3 Nd7 21. cxd6
cxd6 22. Kb1 Nb6 23. Nh5 Rf7 24. Qd3 Bf8 25. Qg6 Rd7 26. h4 Nc4 27. Bg5 Qa5 28.
Bf6+ Nxf6 29. Nxf6 1-0

[Event "Frankfurt Ch 2007"]
[Site "Ffm-Kalbach, LAZ"]
[Date "2007.06.18"]
[Round "7.14"]
[White "Svitek, Volker"]
[Black "Hierling, Stefan"]
[Result "1/2-1/2"]
[WhiteElo "2133"]
[BlackElo "1891"]
[PlyCount "105"]
[EventDate "2007.??.??"]

1. b4 e6 2. Bb2 Nf6 3. b5 a6 4. a4 c6 5. c4 d5 6. e3 Bd7 7. Qb3 dxc4 8. Bxc4
axb5 9. axb5 Rxa1 10. Bxa1 cxb5 11. Bxb5 Be7 12. Nf3 Bxb5 13. Qxb5+ Qd7 14.
Qxd7+ Nbxd7 15. Ke2 O-O 16. Nc3 Ra8 17. Rb1 b6 18. Bb2 Ne8 19. Ra1 Rxa1 20.
Bxa1 Nc7 21. Nd4 Bf6 22. Ne4 Be7 23. Nc3 Bf6 24. Ne4 Be7 25. g4 Kf8 26. f4 h6
27. Bb2 Nc5 28. Nxc5 Bxc5 29. Nb3 Bb4 30. h4 f6 31. e4 Kf7 32. Bd4 b5 33. Bb6
Na8 34. Bd4 Nc7 35. d3 g6 36. h5 gxh5 37. gxh5 Ne8 38. Be3 Ng7 39. Nd4 Nxh5 40.
Nxb5 Ng7 41. Kf3 h5 42. Bf2 Ne8 43. Bb6 Be7 44. f5 exf5 45. exf5 Bb4 46. Bf2
Ke7 47. Bg3 Kd7 48. Ke4 Bd6 49. Bh4 Bh2 50. Kd5 Ng7 51. Bxf6 Nxf5 52. Nd4 Nxd4
53. Bxd4 1/2-1/2

[Event "Frankfurt Ch 2007"]
[Site "Ffm-Kalbach, LAZ"]
[Date "2007.06.18"]
[Round "7.15"]
[White "Kabir, Razaul"]
[Black "Goldt, Rainer"]
[Result "1/2-1/2"]
[WhiteElo "2101"]
[BlackElo "1876"]
[PlyCount "86"]
[EventDate "2007.??.??"]

1. e4 e6 2. d4 d5 3. Nc3 Nf6 4. e5 Nfd7 5. f4 c5 6. Nf3 Nc6 7. Be3 Qb6 8. Qd2
c4 9. Nd1 Qa5 10. c3 b5 11. g3 Be7 12. Bh3 Nb6 13. O-O b4 14. Nf2 Bd7 15. Kh1
bxc3 16. bxc3 Na4 17. Rac1 Rb8 18. Rc2 Rb5 19. Rg1 Kd8 20. g4 Kc7 21. f5 Rhb8
22. Nd1 Ba3 23. Ng5 Nd8 24. Nxh7 Nb2 25. Ng5 Nxd1 26. Qxd1 Rb1 27. Qf3 exf5 28.
gxf5 Ba4 29. Rcc1 Bxc1 30. Bxc1 Ra1 31. e6 Rbb1 32. exf7 Nxf7 33. Nxf7 Bc2 34.
Ng5 Kb6 35. Qe3 Bd3 36. Qe6+ Kc7 37. Bf4+ Kb7 38. Qd7+ Ka6 39. Qc6+ Qb6 40.
Qxb6+ Kxb6 41. Rxb1+ Rxb1+ 42. Kg2 Rb2+ 43. Kg3 Rc2 1/2-1/2

[Event "Frankfurt Ch 2007"]
[Site "Ffm-Kalbach, LAZ"]
[Date "2007.06.18"]
[Round "7.16"]
[White "Kolker, Vladislav"]
[Black "Gutacker, Stephan"]
[Result "1-0"]
[WhiteElo "2112"]
[BlackElo "1980"]
[PlyCount "91"]
[EventDate "2007.??.??"]

1. e4 e5 2. f4 exf4 3. Nf3 Be7 4. Bc4 Bh4+ 5. Kf1 d5 6. Bxd5 Ne7 7. Bb3 Ng6 8.
d3 O-O 9. Bd2 Bg4 10. Nc3 Nc6 11. Nd5 Nd4 12. Nxf4 Nxb3 13. axb3 Nxf4 14. Bxf4
f5 15. e5 Bh5 16. Qd2 Be7 17. Kf2 Bxf3 18. gxf3 Qd4+ 19. Kg2 g5 20. Bg3 f4 21.
Bf2 Qxe5 22. Rhe1 Qf6 23. Ra4 Rfe8 24. Rae4 Qf7 25. Qe2 Kf8 26. Bd4 Bd6 27.
Bg7+ Kxg7 28. Rxe8 Rxe8 29. Qxe8 Qxe8 30. Rxe8 a5 31. h4 h6 32. h5 Kf7 33. Rb8
b6 34. d4 Kf6 35. Rh8 Kg7 36. Ra8 Kf6 37. c4 Be7 38. Rg8 Kf5 39. Rh8 g4 40.
fxg4+ Kxg4 41. Rxh6 Kg5 42. Rh7 Bd6 43. Kf3 Kf5 44. Rg7 Kf6 45. h6 Bf8 46. Rxc7
1-0

[Event "Frankfurt Ch 2007"]
[Site "Ffm-Kalbach, LAZ"]
[Date "2007.06.18"]
[Round "7.17"]
[White "Cors, Heinz-Friedrich"]
[Black "Janotta, Steffi"]
[Result "0-1"]
[WhiteElo "2008"]
[BlackElo "2028"]
[PlyCount "66"]
[EventDate "2007.??.??"]

1. e4 e5 2. Bc4 Nf6 3. d3 Bc5 4. Nf3 d6 5. O-O Bg4 6. c3 O-O 7. h3 Bh5 8. Re1
c6 9. Be3 Bxe3 10. Rxe3 Nbd7 11. Nbd2 Re8 12. Bb3 d5 13. Bc2 Qc7 14. Nf1 Rad8
15. Ng3 Bg6 16. Qe1 Nh5 17. Nxh5 Bxh5 18. g4 Bg6 19. Rd1 dxe4 20. dxe4 Nc5 21.
Rxd8 Rxd8 22. h4 f6 23. b4 Ne6 24. h5 Bf7 25. Nh4 Nf4 26. Ng2 Nxg2 27. Kxg2
Bxa2 28. Re2 Be6 29. f3 Qd6 30. Qf2 Bc4 31. Re1 Qd2 32. Bb1 Qxc3 33. Ba2 Rd4
0-1

[Event "Frankfurt Ch 2007"]
[Site "Ffm-Kalbach, LAZ"]
[Date "2007.06.18"]
[Round "7.18"]
[White "Fernandez-Egea, Andres"]
[Black "Rotermund, Verena"]
[Result "1-0"]
[WhiteElo "2043"]
[BlackElo "1784"]
[PlyCount "65"]
[EventDate "2007.??.??"]

1. e4 e6 2. d4 d5 3. Nd2 Nf6 4. e5 Nfd7 5. Bd3 c5 6. c3 Nc6 7. Ngf3 Be7 8. O-O
O-O 9. Re1 f6 10. exf6 Nxf6 11. dxc5 Bxc5 12. Nb3 Bd6 13. Nbd4 Ng4 14. g3 Nxd4
15. cxd4 Qf6 16. Be2 e5 17. dxe5 Bxe5 18. h3 Nxf2 19. Qxd5+ Be6 20. Qxe5 Nxh3+
21. Kh1 Qxe5 22. Nxe5 Rf2 23. Bf3 Rc8 24. Be3 Rxb2 25. Nd3 Rb5 26. Nc5 Bf7 27.
Kg2 b6 28. Ne4 Be6 29. g4 h5 30. Kxh3 hxg4+ 31. Bxg4 Rh5+ 32. Kg3 Re5 33. Bd4
1-0

[Event "Frankfurt Ch 2007"]
[Site "Ffm-Kalbach, LAZ"]
[Date "2007.06.18"]
[Round "7.19"]
[White "Milde, Dieter"]
[Black "Fröhlich-Dill, Astrid"]
[Result "0-1"]
[WhiteElo "1602"]
[BlackElo "1948"]
[PlyCount "76"]
[EventDate "2007.??.??"]

1. d4 Nf6 2. Nf3 e6 3. c4 b6 4. g3 Bb7 5. Bg2 Be7 6. Nc3 d5 7. Ne5 O-O 8. O-O
Nc6 9. cxd5 exd5 10. Nxc6 Bxc6 11. b3 Re8 12. Bb2 Bb4 13. e3 Rc8 14. Rc1 Bxc3
15. Rxc3 Bb5 16. Re1 Ne4 17. Rc2 f5 18. Bh3 Qf6 19. f3 Ng5 20. Bg2 Qh6 21. h4
Nf7 22. f4 c6 23. a4 Ba6 24. Ba3 Qg6 25. Kh2 Nd6 26. Bxd6 Qxd6 27. Rc3 Re7 28.
Qc2 g6 29. Bf3 Bb7 30. Rg1 Rce8 31. Qc1 Kh8 32. g4 Rxe3 33. Kg3 Rxc3 34. Qxc3
fxg4 35. Bxg4 Re4 36. Qd2 Qf6 37. Rf1 Rxd4 38. Qe3 Re4 0-1

[Event "Frankfurt Ch 2007"]
[Site "Ffm-Kalbach, LAZ"]
[Date "2007.06.18"]
[Round "7.20"]
[White "Rätsch, Kurt"]
[Black "Henzner, Reiner"]
[Result "0-1"]
[WhiteElo "2080"]
[BlackElo "2111"]
[PlyCount "74"]
[EventDate "2007.??.??"]

1. c4 Nf6 2. Nc3 g6 3. Nf3 d5 4. cxd5 Nxd5 5. e4 Nb6 6. b3 Bg7 7. Bb2 O-O 8.
Be2 Nc6 9. O-O e5 10. Rc1 Nd4 11. Nxd4 exd4 12. Nb5 d3 13. Bxg7 dxe2 14. Qxe2
Kxg7 15. Nxc7 Rb8 16. a4 Na8 17. Nb5 a6 18. Nc3 Be6 19. Qe3 Nc7 20. d4 Bxb3 21.
d5 b5 22. Qd4+ Qf6 23. e5 Qb6 24. Qf4 Nxd5 25. Nxd5 Bxd5 26. axb5 axb5 27. Rfd1
Qe6 28. h3 Rfc8 29. Ra1 b4 30. Rab1 b3 31. Rb2 Rc2 32. Rxc2 bxc2 33. Rc1 Rb1
34. Qd2 Rxc1+ 35. Qxc1 Qc6 36. f3 Qc3 37. Kf2 Qd4+ 0-1

[Event "Frankfurt Ch 2007"]
[Site "Ffm-Kalbach, LAZ"]
[Date "2007.06.18"]
[Round "7.21"]
[White "Genis, Roy"]
[Black "Graebner, Walter"]
[Result "0-1"]
[WhiteElo "1895"]
[BlackElo "2049"]
[PlyCount "136"]
[EventDate "2007.??.??"]

1. e4 c6 2. d4 d5 3. e5 c5 4. dxc5 e6 5. Be3 Ne7 6. c3 Nd7 7. Bb5 Nc6 8. Nf3
Qc7 9. Bd4 Nxc5 10. Bxc5 Bxc5 11. O-O Bd7 12. Qe2 O-O 13. Nbd2 Rac8 14. Nb3 Be7
15. Nbd4 Rfe8 16. Rfe1 f6 17. h3 f5 18. Qd2 Nxd4 19. Nxd4 Bxb5 20. Nxb5 Qd7 21.
Nd4 b5 22. Rac1 a6 23. a3 Rc7 24. Rc2 Rec8 25. Rec1 Kh8 26. Kh1 g5 27. h4 Rg8
28. hxg5 Rxg5 29. f4 Rg4 30. g3 Rc8 31. Qe3 Rcg8 32. Rg1 R8g6 33. Rh2 Bc5 34.
Rh3 Rg7 35. Rh4 Qa7 36. Rxg4 Rxg4 37. Rg2 Rg7 38. Rd2 Kg8 39. Qd3 Bxd4 40. cxd4
Rc7 41. Kg2 Rc6 42. Rc2 Rc4 43. Rxc4 bxc4 44. Qc3 Qb6 45. Kh3 Kg7 46. g4 fxg4+
47. Kxg4 Kg6 48. Qc2+ Kg7 49. f5 Qxd4+ 50. Kh3 Qe3+ 51. Kg4 Qxe5 52. Qa4 exf5+
53. Kf3 Qe4+ 54. Kf2 Qe6 55. Qb4 d4 56. Qb7+ Kf6 57. Qxh7 d3 58. Qh8+ Ke7 59.
Qg7+ Kd6 60. Qd4+ Kc6 61. Qa7 Qe2+ 62. Kg3 d2 63. Qxa6+ Kd5 64. Qb5+ Ke4 65.
Qb7+ Kd3 66. Qd5+ Kc2 67. Qa5 d1=Q 68. Qc3+ Kb1 0-1

[Event "Frankfurt Ch 2007"]
[Site "Ffm-Kalbach, LAZ"]
[Date "2007.06.18"]
[Round "7.22"]
[White "Arnold, Michael"]
[Black "Zuyev, Igor"]
[Result "0-1"]
[WhiteElo "1614"]
[BlackElo "2172"]
[PlyCount "68"]
[EventDate "2007.??.??"]

1. d4 Nf6 2. Nf3 e6 3. e3 c5 4. c3 b6 5. Bd3 Bb7 6. Nbd2 Be7 7. O-O O-O 8. Qe2
d5 9. e4 cxd4 10. Nxd4 e5 11. Nf5 Re8 12. Bb5 Bc6 13. exd5 Qxd5 14. Bxc6 Nxc6
15. Nb3 e4 16. Nxe7+ Rxe7 17. Be3 Ne5 18. Rad1 Nd3 19. Bd4 Nf4 20. Qd2 Qg5 21.
g3 Nh3+ 22. Kg2 Qh5 23. Nc1 Ng5 24. h4 Nf3 25. Qe2 Ng4 26. Be3 Rc8 27. Qc4
Nxh4+ 28. gxh4 Nxe3+ 29. fxe3 Qg4+ 30. Kf2 Qxh4+ 31. Ke2 Qg4+ 32. Kf2 Re5 33.
Qa6 Ra5 34. Qb7 Rf5+ 0-1

[Event "Frankfurt Ch 2007"]
[Site "Ffm-Kalbach, LAZ"]
[Date "2007.06.18"]
[Round "7.23"]
[White "Kolompar, Josef"]
[Black "Benninger, Rudolf"]
[Result "1-0"]
[WhiteElo "2014"]
[BlackElo "2130"]
[PlyCount "65"]
[EventDate "2007.??.??"]

1. e4 g6 2. d4 Bg7 3. c4 c5 4. Nf3 Qb6 5. Nc3 cxd4 6. Na4 Qa5+ 7. Bd2 Qc7 8.
Bd3 Nc6 9. O-O Nf6 10. b4 d6 11. h3 Nd7 12. Rc1 Nde5 13. Bb1 Nxf3+ 14. Qxf3 Ne5
15. Qe2 Bd7 16. Nb2 O-O 17. f4 Nc6 18. c5 dxc5 19. Rxc5 b6 20. Rcc1 a6 21. a4
b5 22. axb5 axb5 23. Qxb5 Rfb8 24. Qd5 Qa7 25. Nd3 e6 26. Qg5 h6 27. Qg3 Qa3
28. f5 exf5 29. exf5 g5 30. f6 Bf8 31. Bxg5 hxg5 32. Qxg5+ Kh8 33. Rf4 1-0

[Event "Frankfurt Ch 2007"]
[Site "Ffm-Kalbach, LAZ"]
[Date "2007.06.18"]
[Round "7.24"]
[White "Orlinski, Wolfgang"]
[Black "Kreiling, Carsten"]
[Result "1/2-1/2"]
[WhiteElo "1767"]
[BlackElo "2140"]
[PlyCount "68"]
[EventDate "2007.??.??"]

1. e4 c5 2. Nc3 Nc6 3. g3 g6 4. Bg2 Bg7 5. Nge2 Nf6 6. O-O O-O 7. f4 d6 8. d3
Rb8 9. h3 Bd7 10. g4 b5 11. Ng3 b4 12. Nce2 Ne8 13. f5 Nc7 14. g5 Ne5 15. Nf4
Bc6 16. Nfh5 Bh8 17. f6 Ne8 18. Nf5 gxf5 19. Rxf5 Bd7 20. Rf2 Be6 21. Qf1 a5
22. Bd2 Qd7 23. b3 Ng6 24. Kh2 Nc7 25. Re1 Nb5 26. Re3 Nd4 27. Bc1 Rbe8 28. Rg3
d5 29. fxe7 Rxe7 30. Nf6+ Bxf6 31. gxf6 Ree8 32. Bh6 Qd6 33. h4 Qe5 34. Qd1
dxe4 1/2-1/2

[Event "Frankfurt Ch 2007"]
[Site "Ffm-Kalbach, LAZ"]
[Date "2007.06.18"]
[Round "7.25"]
[White "Rondio, Thomas"]
[Black "Klyszcz, Michael"]
[Result "0-1"]
[WhiteElo "1689"]
[BlackElo "2037"]
[PlyCount "98"]
[EventDate "2007.??.??"]

1. e4 d6 2. d4 g6 3. Nf3 Bg7 4. Bd3 e5 5. dxe5 dxe5 6. Bb5+ Bd7 7. Bxd7+ Nxd7
8. Nc3 Ngf6 9. Bg5 O-O 10. Nd5 Re8 11. Nxf6+ Nxf6 12. Qxd8 Raxd8 13. O-O Rd6
14. Rfe1 h6 15. Bd2 Nd7 16. Rad1 Nc5 17. b4 Na4 18. c4 Red8 19. Rc1 Rxd2 20.
Nxd2 Rxd2 21. Red1 Rd4 22. f3 Nc3 23. Rxd4 exd4 24. Rc2 Bf8 25. c5 b6 26. cxb6
axb6 27. a3 c5 28. bxc5 Bxc5 29. Kf1 Bxa3 30. Ke1 Bd6 31. g3 f5 32. exf5 gxf5
33. Kd2 h5 34. Kd3 Bc5 35. g4 Nd5 36. Rc1 Nf4+ 37. Kd2 Bb4+ 38. Kd1 fxg4 39.
fxg4 hxg4 40. Rc6 Bc5 41. Rf6 Nd5 42. Rg6+ Kf7 43. Rg5 Ke6 44. Kd2 Ne3 45. Kd3
Kf6 46. Rg8 Kf5 47. h4 gxh3 48. Rg3 h2 49. Rh3 Ng4 0-1

[Event "Frankfurt Ch 2007"]
[Site "Ffm-Kalbach, LAZ"]
[Date "2007.06.18"]
[Round "7.26"]
[White "Syed, Tareq"]
[Black "Rasche, Hannes"]
[Result "1/2-1/2"]
[WhiteElo "2101"]
[BlackElo "2009"]
[PlyCount "43"]
[EventDate "2007.??.??"]

1. e4 e6 2. d3 d5 3. Nd2 Nf6 4. f4 c5 5. Ngf3 Nc6 6. g3 Be7 7. Bg2 b6 8. O-O
Ba6 9. e5 Ng4 10. Re1 h5 11. Nf1 g6 12. c4 Bb7 13. h3 Nh6 14. Be3 Qc7 15. cxd5
exd5 16. Rc1 Nf5 17. Bf2 Nd8 18. Ne3 Nxe3 19. Bxe3 Qd7 20. b3 Ne6 21. d4 Rc8
22. Bf1 1/2-1/2

[Event "Frankfurt Ch 2007"]
[Site "Ffm-Kalbach, LAZ"]
[Date "2007.06.18"]
[Round "7.27"]
[White "Hoti, Safet"]
[Black "Hausmann, Hans-Ulrich"]
[Result "1-0"]
[WhiteElo "1952"]
[BlackElo "1966"]
[PlyCount "87"]
[EventDate "2007.??.??"]

1. d4 Nf6 2. c4 g6 3. Nf3 Bg7 4. Nc3 O-O 5. e4 d6 6. Be2 e5 7. dxe5 dxe5 8. Be3
Nbd7 9. O-O c6 10. Qd6 Re8 11. Rad1 Qe7 12. Qc7 Nf8 13. Qxe7 Rxe7 14. Bc5 Re8
15. h3 Ne6 16. Bd6 Nf4 17. Bd3 Nxd3 18. Rxd3 Nxe4 19. Nxe4 f5 20. Nc3 e4 21.
Re3 Re6 22. c5 exf3 23. Rxf3 Bd7 24. Rd1 Rae8 25. Kh2 Re1 26. Rd2 Be6 27. Nd1
Bd5 28. Rfd3 Bh6 29. f4 R8e2 30. Nc3 Rxd2 31. Rxd2 Be4 32. Be5 Bd5 33. Nxd5
Rxe5 34. Nf6+ Kf7 35. Rd7+ Re7 36. Rxe7+ Kxe7 37. Ng8+ Kf7 38. Nxh6+ Kg7 39.
Nxf5+ gxf5 40. g4 Kf6 41. b4 b6 42. Kg3 bxc5 43. bxc5 Ke6 44. g5 1-0

[Event "Frankfurt Ch 2007"]
[Site "Ffm-Kalbach, LAZ"]
[Date "2007.06.18"]
[Round "7.28"]
[White "Stricker, Konstantin"]
[Black "Müller, Pascal"]
[Result "1-0"]
[WhiteElo "1688"]
[BlackElo "2033"]
[PlyCount "65"]
[EventDate "2007.??.??"]

1. e4 d5 2. exd5 Nf6 3. Nc3 Nxd5 4. Nxd5 Qxd5 5. Nf3 Bg4 6. Be2 Nc6 7. O-O
O-O-O 8. c3 e5 9. h3 Bf5 10. b4 e4 11. Nh2 Bd6 12. Re1 Qe5 13. Nf1 h5 14. d4
exd3 15. Bxd3 Qf6 16. Bxf5+ Qxf5 17. Qa4 a6 18. Be3 g5 19. Rad1 h4 20. b5 Qxb5
21. Qxb5 axb5 22. Bxg5 Rdg8 23. Be3 Rg6 24. f3 Ne5 25. Nd2 Nd3 26. Re2 Bf4 27.
Bd4 Rhg8 28. Nb3 Ne5 29. Bxe5 Re6 30. Rde1 Rge8 31. Bxf4 Rxe2 32. Rxe2 Rxe2 33.
Nd4 1-0

[Event "Frankfurt Ch 2007"]
[Site "Ffm-Kalbach, LAZ"]
[Date "2007.06.18"]
[Round "7.29"]
[White "Biegel, Thomas"]
[Black "Gauf, Wolfgang"]
[Result "1-0"]
[WhiteElo "2054"]
[BlackElo "1808"]
[PlyCount "53"]
[EventDate "2007.??.??"]

1. d4 Nf6 2. Nf3 g6 3. c4 Bg7 4. g3 d5 5. cxd5 Nxd5 6. Bg2 Nb6 7. O-O Nc6 8. e3
O-O 9. Nc3 e5 10. d5 Ne7 11. e4 Nc4 12. b3 Nd6 13. Re1 f5 14. Nh4 f4 15. gxf4
exf4 16. e5 Ndf5 17. Nf3 g5 18. Nxg5 Ng6 19. Qh5 Bh6 20. Nce4 Nxe5 21. Ba3 Re8
22. Nf6+ Qxf6 23. Qxe8+ Kg7 24. Ne4 Bd7 25. Nxf6 Bxe8 26. Nxe8+ Rxe8 27. Rxe5
1-0